| 000 | 01814 a2200313 4500 | ||
|---|---|---|---|
| 003 | OSt | ||
| 005 | 20180116192335.0 | ||
| 008 | 120419t xxu||||| |||| 00| 0 eng d | ||
| 010 | _a 2008921849 | ||
| 020 | _a3791339265 | ||
| 020 | _a9783791339269 | ||
| 035 | _a(OCoLC)ocn191856233 | ||
| 040 | _c0 | ||
| 082 | 0 | 4 | _a720.9 |
| 100 | 1 |
_aPfammatter, Ulrich. _9754 |
|
| 245 | 1 | 0 |
_aBuilding the future : _bbuilding technology and cultural history from the Industrial Revolution until today / _cUlrich Pfammatter ; [translated from the German by Jeremy Gaines and James Roderick O'Donovan]. |
| 260 |
_aMunich ; _aNew York : _bPrestel, _cc2008. |
||
| 300 |
_a325 p. : _bill. (chiefly col.), plans ; _c29 cm. |
||
| 500 | _aIncludes bibliographical refrences and index | ||
| 505 | 0 | _aFrom greenhouse to 'high-tech' hothouse' - virtual experience space of industrial and communicative societies -- Building as an art or the art of building? Railway sheds, expo pavilions, terminals - spatial landscapes of the future -- How concrete became lighter - 100 years of concrete pioneers -- The 'liberated facade' - from wall to partition to skin -- Process thinking conquers construction - industrialisation from the balloon frame to the skyscraper -- "Sustainable building design" - a future project -- Sir Ove Arup: the key search, 1970. | |
| 650 | 0 |
_aArchitecture, Modern _y19th century. _9755 |
|
| 650 | 0 |
_aArchitecture, Modern _y20th century. _9756 |
|
| 650 | 0 |
_aArchitectural design. _9757 |
|
| 650 | 0 |
_aBuilding _xTechnological innovations. _9758 |
|
| 650 | 0 |
_aBuilding materials _xTechnological innovations. _9759 |
|
| 856 | 4 | 1 |
_3Table of contents only _uhttp://www.loc.gov/catdir/toc/fy0903/2008921849.html |
| 942 |
_aSADA _cBK _k720.9 PFA 2008 _2ddc |
||
| 999 |
_c352456 _d352456 |
||